| 000 | 01684cam a2200325 a 4500 | ||
|---|---|---|---|
| 999 |
_c23460 _d23460 |
||
| 001 | 16353319 | ||
| 005 | 20170126113527.0 | ||
| 008 | 100728s2011 mnuaf b s001 0 eng | ||
| 010 | _a 2010032187 | ||
| 016 | 7 |
_a015780963 _2Uk |
|
| 020 | _a9780816673049 (hc : alk. paper) | ||
| 020 | _a0816673047 (hc : alk. paper) | ||
| 020 | _a9780816673056 (pbk. : alk. paper) | ||
| 020 | _a0816673055 (pbk. : alk. paper) | ||
| 035 | _a(OCoLC)ocn652743765 | ||
| 050 | 0 | 0 | _aNA2500 .P55 2011 |
| 100 | 1 |
_aPiotrowski, Andrzej, _cmagister inżynier architekt. |
|
| 245 | 1 | 0 |
_aArchitecture of thought / _cAndrzej Piotrowski. |
| 260 |
_aMinneapolis : _bUniversity of Minnesota Press, _cc2011. |
||
| 300 |
_axviii, 322 p., [12] p. of plates : _bill. (some col.) ; _c27 cm. |
||
| 504 | _aIncludes bibliographical references and index. | ||
| 505 | 0 | _aIntroduction. The moving target of architecture -- Architecture and medieval modalities of thought -- Colonization and symbolic reality in Mesoamérica -- Structures of tolerance and religious domination -- Technologies of thought in Victorian England -- High modernism according to Le Corbusier -- Closing remarks. The West. | |
| 650 | 0 |
_aArchitecture _xPhilosophy. |
|
| 650 | 0 | _aThought and thinking. | |
| 942 |
_2lcc _cBOOKS |
||